Những thách đố khoa học thế kỷ XX chưa giải được

Tallennettuna:
Bibliografiset tiedot
Päätekijä: Zheng Wei (Trịnh Vĩ)
Aineistotyyppi: Kirja
Julkaistu: Nxb Hà Nội 2003
Tagit: Lisää tagi
Ei tageja, Lisää ensimmäinen tagi!
Thư viện lưu trữ: Mạng thư viện Đại học Đà Nẵng
LEADER 00602nam a2200229 a 4500
001 000030038
003 16080
005 20171030145630.0
008 171030s2003
020 |c 80000 
040 |a LTT 
082 0 |a 500  |b ZH-W 
100 1 |a Zheng Wei (Trịnh Vĩ) 
245 0 0 |a Những thách đố khoa học thế kỷ XX chưa giải được  |c Zheng Wei ; Nguyễn An dịch. 
260 |b Nxb Hà Nội  |c 2003 
OWN |a LTT 
999 |a From the UDN01 
TYP |a Monograph 
TYP |a Printed language 
980 |a Mạng thư viện Đại học Đà Nẵng